000
00336nam a2200133Ia 4500
008
231019s9999 xx 000 0 und d
082
_a
420
_b
MUS-E
100
_a
Prof Musarrat Hussain
245
0
_a
English Inter. Part-1
260
_a
Lahore, Pakistan
_b
Sunshine Publications
_c
2012
300
_a
800
650
_a
English
999
_c
34608
_d
34608